000 02499nam0a2200373 4500
001 RU\NLR\BIBL_A\012676611
005 20260405144648.0
035 _a(NLR Aleph) 012676611
090 _a12801706
_c12801706
100 _a20181108d1902 |||y0rusy50 ca
101 0 _arus
102 _aRU
105 _ay z 000yy
181 0 _ai
_baxxe
182 0 _an
200 1 _aГосподину Министру Путей Сообщения
_eвесьма нужное
_fГлавноначальствующий гражданской частью на Кавказе. 5 сентября 1902 года. № 11242. В Тифлисе
203 _aТекст
_bвизуальный
_cнепосредственный
210 _aТифлис
_c[б. и.]
_d1902
215 _a2 с.
_d34
300 _aТекст начинается словами: В проезд мой по Черноморской губернии, между прочим, от Адлера до Красной Поляны, я лично убедился в громадном значении для экономического развития значительного и весьма плодородного района...
300 _aВ конце текста: Подписал: Сенатор Генерал-Адъютант Кн. Голицын; Скрепил И.д. директора Вл. Трофимов
309 _aБез тит. л. и обл.
517 1 _aВ проезд мой по Черноморской губернии, между прочим, от Адлера до Красной Поляны, я лично убедился в громадном значении для экономического развития значительного и весьма плодородного района...
606 1 _aГорные дороги
_xСтроительство
_yРоссия
_92546973
_3RU\NLR\AUTH\661507424
686 3 _aУ31(28)537.3(2Р37)
686 3 _aО111-06
702 1 _4720
_8rus
_7ca
_aГолицын
_bН. Д.
_f1850-1925
_gНиколай Дмитриевич
_3RU\NLR\AUTH\7760226
_943157
702 1 _4720
_7ca
_8rus
_aТрофимов
_bВ. О.
_cучастник Белого движения, генерал-лейтенант
_f1860-1924
_gВладимир Онуфриевич
_9251532
_3RU\NLR\AUTH\770251588
852 _aNLR
_j135/294-364 (15-2)
942 _cBOOK
980 _aNB